000 02137cam a2200289 4500500
005 20260111075039.0
041 _afre
042 _adc
100 1 0 _aHsu, Yaoming
_eauthor
245 0 0 _aPoint de vigilance : est-ce que les modèles chinois et taiwanais prennent en compte les conséquences environnementales dans le crédit social ?
260 _c2025.
500 _a63
520 _aEn matière de protection de l’environnement et de lutte contre le changement climatique, nous avons découvert plusieurs lois et réglementations relatives à divers régimes environnementaux en Chine et à Taïwan. Face aux défis posés par les exigences internationales en matière de RSE et de GES, la Chine a révisé les lois relatives à la gouvernance d’entreprise, mais celles-ci n’ont qu’un effet déclaratif. De même, à Taïwan, la plupart des mesures prises en réponse aux exigences en matière de RSE et de GES sont mises en œuvre de manière volontaire. Les réformes juridiques sont privilégiées pour améliorer la conformité.
520 _aFor the protection of the environment and combatting climate change, in China and Taiwan, we discovered several laws and regulations for diverse environmental regimes. Facing the challenges arising from the international need for CSR and ESG, China has revised relative laws for corporate governance, but just having declarative effects. Similarly, in Taiwan, most of the responses to CSR and ESG are voluntarily implemented. Legal reforms are preferred for better compliance.
690 _aChine
690 _aCrédit social
690 _aGouvernance environnementale et sociétale (GES)
690 _aResponsabilité sociétale des entreprises (RSE)
690 _aTaiwan
690 _aChina
690 _aCorporate Social Responsibility (CSR)
690 _aEnvironment and social governance (ESG)
690 _aSocial credit
690 _aTaiwan
786 0 _nDroit, Santé et Société | 12 | 3 | 2025-12-17 | p. 35-38 | 2606-6645
856 4 1 _uhttps://droit.cairn.info/revue-droit-sante-et-societe-2025-3-page-35?lang=fr&redirect-ssocas=7080
999 _c1615655
_d1615655